Duties and liabilities of school administrators /

Bibliographic Details
Main Author: Nolte, M. Chester (Mervin Chester), 1911-
Format: Book
Language:English
Published: West Nyack, N.Y. : Parker Pub. Co., [1973]
Subjects:

MARC

Tag First Indicator Second Indicator Subfields
LEADER 00000pam a2200000 4500
001 in00000202011
005 20151009064916.0
008 730518s1973 nyu b 00110 eng d
010 |a  73008754  
020 |a 0132212919 
035 |a (OCoLC)00636839 
035 |9 AAY3057AM 
040 |a DLC  |c DLC  |d TXA  |d UtOrBLW 
043 |a n-us--- 
049 |a TXAM  |c [1017088] 
050 0 0 |a KF4133  |b .N63 
082 0 |a 344/.73/075 
100 1 |a Nolte, M. Chester  |q (Mervin Chester),  |d 1911- 
245 1 0 |a Duties and liabilities of school administrators /  |c [by] M. Chester Nolte. 
264 1 |a West Nyack, N.Y. :  |b Parker Pub. Co.,  |c [1973] 
300 |a 207 pages ;  |c 26 cm. 
336 |a text  |b txt  |2 rdacontent 
337 |a unmediated  |b n  |2 rdamedia 
338 |a volume  |b nc  |2 rdacarrier 
504 |a Includes bibliographical references. 
650 0 |a School superintendents  |x Legal status, laws, etc.  |z United States. 
650 0 |a Educational law and legislation  |z United States. 
999 |a MARS 
999 f f |s b72f5e85-0f52-3c28-aae2-bc406a874b10  |i d076496b-cde8-3745-839b-4872f0005146  |t 0 
952 f f |p ric  |a Texas A&M University  |b Rellis Campus  |c Joint Library Facility  |d Remote Storage  |t 0  |e KF4133 .N63  |h Library of Congress classification  |i unmediated -- volume  |m A14803180424 
998 f f |a KF4133 .N63  |t 0  |l Remote Storage